| 000 | 00532nas a2200181 a 4500 | ||
|---|---|---|---|
| 022 | 0 | _a1040-4651 | |
| 040 | _cNSD | ||
| 082 | 0 | 0 | _a581 AME 1989 A106 Or. |
| 245 | 0 | 4 | _aThe plant cell |
| 260 |
_aRockville, Md. : _bAmerican Society of Plant Physiologists, _cc1989- |
||
| 300 |
_av. : _bill. ; _c28 cm |
||
| 500 | _aTitle from cover | ||
| 650 | 0 | _aPlant cells and tissues | |
| 710 | 2 | _aAmerican Society of Plant Physiologists | |
| 710 | 2 | _aAmerican Society of Plant Biologists | |
| 856 | 4 | 1 | _uhttp://www.plantcell.org/ |
| 942 | _cEK | ||
| 999 |
_c16927 _d16927 |
||